|
|
|
|
| LEADER |
01404nam a22003614a 4500 |
| 001 |
EBC171287 |
| 003 |
MiAaPQ |
| 005 |
20200520144314.0 |
| 006 |
m o d | |
| 007 |
cr cn||||||||| |
| 008 |
020521s2002 enkb sb 001 0 eng |
| 010 |
|
|
|z 2002069945
|
| 020 |
|
|
|z 0415279054 (alk. paper)
|
| 035 |
|
|
|a (MiAaPQ)EBC171287
|
| 035 |
|
|
|a (Au-PeEL)EBL171287
|
| 035 |
|
|
|a (CaPaEBR)ebr10099373
|
| 035 |
|
|
|a (CaONFJC)MIL32307
|
| 035 |
|
|
|a (OCoLC)475878698
|
| 040 |
|
|
|a MiAaPQ
|c MiAaPQ
|d MiAaPQ
|
| 043 |
|
|
|a e-sp---
|
| 050 |
|
4 |
|a HD8590.B342
|b R43 2002
|
| 082 |
0 |
4 |
|a 331.8/0946/720904
|2 21
|
| 245 |
0 |
0 |
|a Red Barcelona
|h [electronic resource] :
|b social protest and labour mobilization in the twentieth century /
|c edited by Angel Smith.
|
| 260 |
|
|
|a London ;
|a New York :
|b Routledge,
|c 2002.
|
| 300 |
|
|
|a xii, 258 p. :
|b map.
|
| 504 |
|
|
|a Includes bibliographical references and index.
|
| 533 |
|
|
|a Electronic reproduction. Ann Arbor, MI : ProQuest, 2015. Available via World Wide Web. Access may be limited to ProQuest affiliated libraries.
|
| 650 |
|
0 |
|a Labor movement
|z Spain
|z Barcelona
|x History
|y 20th century.
|
| 650 |
|
0 |
|a Social conflict
|z Spain
|z Barcelona
|x History
|y 20th century.
|
| 655 |
|
4 |
|a Electronic books.
|
| 700 |
1 |
|
|a Smith, Angel,
|d 1958-
|
| 710 |
2 |
|
|a ProQuest (Firm)
|
| 856 |
4 |
0 |
|u https://ebookcentral.proquest.com/lib/matrademy/detail.action?docID=171287
|z Click to View
|